000 00448ntaaa2200181 4500
003 01
005 20251027201817.0
008 0714s1973 ag 01
040 _aAR-BaBN
_bspa
_cAR-BaBN
_eaacr
_dRIC
082 _a242.8100 B76c
100 _aBright, Bill
_98419
245 _aCómo orar
250 _a1 ed.
260 _aTarrasa :
_bCruzada estudiantil y profesional para Cristo,
_c1974
300 _a52 p
650 _aoracion
_91331
942 _cBK
999 _c12787
_d12787